000 00927nam a2200277 i 4500
001 bg
245 0 0 _aTransfer technologii - bariery i hamulce :
_bmateriały pokonferencyjne /
_cpod red. Janusza Rachonia.
260 _aGdańsk :
_bGdańskie Towarzystwo Naukowe,
_c2002.
300 _a130 s. :
_bil. ;
_c24 cm.
500 _aMater. konferencji, Gdańsk w dniu 9 czerwca 2001 r.
504 _aBibliogr. przy rozdz.
650 9 _aTransfer technologii
_zPolska
_yod 1989 r.
650 9 _aInnowacje
_xpolityka
_zPolska
_yod 1989 r.
650 9 _aNauka
_xa gospodarka
_zPolska
_yod 1989 r.
655 _aMateriały konferencyjne
700 1 _aBEGER, Roman.
_eRed.
700 1 _aRACHOŃ, Janusz.
_eRed.
015 _aPB 15085/2002
020 _a8387359629
040 _cBPK
041 0 _apol
080 _a001.895:339.166.5(438)(061)
920 _a83-87359-62-9
942 _cKS
008 s pl f |000 0 pol
999 _c45884
_d45884
856 _uhttp://koha.tu.koszalin.pl/cgi-bin/koha/opac-detail.pl?biblionumber=45884
_yKatalog online BPK